Slaughterhouse-five or The children's crusade: a duty dance with death (Record no. 5258)

000 -LEADER
fixed length control field 00374 a2200121 4500
020 ## - INTERNATIONAL STANDARD BOOK NUMBER
International Standard Book Number 0-385-33384-6
040 ## - CATALOGING SOURCE
Original cataloging agency DLC
Language of cataloging DLC
100 1# - MAIN ENTRY--PERSONAL NAME
Personal name Vonnegut, Kurt,
245 10 - TITLE STATEMENT
Title Slaughterhouse-five or The children's crusade: a duty dance with death
Remainder of title a duty dance with death
Statement of responsibility, etc. Kurt Vonnegut
260 ## - PUBLICATION, DISTRIBUTION, ETC.
Place of publication, distribution, etc. New York :
Name of publisher, distributor, etc. Dial Press,
Date of publication, distribution, etc. 2005
300 ## - PHYSICAL DESCRIPTION
Extent 275 s.
942 ## - ADDED ENTRY ELEMENTS (KOHA)
Koha item type Book
Call number prefix 813.54 VON
Source of classification or shelving scheme
Holdings
Withdrawn status Lost status Damaged status Not for loan Collection code Permanent Location Current Location Shelving location Date acquired Source of acquisition Total Checkouts Total Renewals Full call number Barcode Checked out Date last seen Date last checked out Price effective from Koha item type
          Central Library (CL) Central Library (CL) General Stacks 04/17/2008 Donation 5 3 813.54 VON SEECS008997 03/15/2026 09/09/2025 09/09/2025 01/05/2017 Book
© 2023 Central Library, National University of Sciences and Technology. All Rights Reserved.